000 00871nam a2200229Ii 4500
003 JO-AjNU
008 230605s9999||||xx |||||||||||||| ||und||
017 _a2010/9/3606
020 _a978-9957-70-480-3
040 _aJO-AjNU
_bara
_erda
_cJO-AjNU
041 _aara
050 1 4 _aBP173.75.A2366 2011
100 3 _aعبابنة، عمر يوسف عبد الله,
_eauthor
_930512
245 0 0 _aالأزمة المالية المعاصرة تقدير إقتصادي إسلامي= The Contemporary Financial Crisis an Islamic Economic Evaluation
250 _aط1
264 3 1 _aاربد: عالم الكتب الحديث، 2011
300 _a211ص
336 _atext
_btxt
_2rdacontent
337 _aunmediated
_bn
_2rdamedia
338 _avolume
_bnc
_2rdacarrier
650 4 _aالاقتصاد الاسلامي- النظام المالي في الاسلام
_930513
999 _aA12104
_c15672
_d15672